L'escola Mestre Andreu : un edifici bastit fa 75 anys : Sant Joan de les Abadesses : Festa Major 2004 un edifici bastit fa 75 anys :
Publicado:
Sant Joan de les Abadesses :
Ajuntament de la Baronal Vila de Sant Joan de les Abadesses : Diputació de Girona, DL 2004
Descripción Física:
[24] p. ; 24 cm
Otros Autores:
Girona. Diputació
MARC
| LEADER | 00000nam a2200000Ia 4500 | ||
|---|---|---|---|
| 001 | 24411 | ||
| 008 | 160829s9999 xx 000 0 cat d | ||
| 080 | |a FU-64-183 | ||
| 245 | |a L'escola Mestre Andreu : |b un edifici bastit fa 75 anys : |b Sant Joan de les Abadesses : |b Festa Major 2004 | ||
| 260 | |a Sant Joan de les Abadesses : |b Ajuntament de la Baronal Vila de Sant Joan de les Abadesses : |b Diputació de Girona, DL 2004 | ||
| 300 | |a [24] p. ; |c 24 cm | ||
| 590 | |a Inclou el programa de festa major del 2004 | ||
| 650 | |a Educació |x Sant Joan de les Abadesses |x Història |9 50089 | ||
| 700 | |a Girona. Diputació | ||
| 710 | 1 | |a Sant Joan de les Abadesses (Catalunya). |b Ajuntament |9 55490 | |
| 901 | |a Arxiu | ||
| 942 | |n 1 | ||
| 952 | |0 0 |1 0 |4 0 |6 FU64183 |7 1 |9 55776 |a Arxiu |b Arxiu |d 2016-12-01 |l 0 |o FU-64-183 |p 24411 |r 2016-12-01 00:00:00 |w 2016-12-01 |y ARXIU | ||
| 999 | |c 59649 |d 59649 | ||